Biblioteca

Monografía de los indigenas Noanama, tribu de una región colombiana / Luz Lotero Villa (Registro nro. 39957)

Detalles MARC
000 -LÍDER
Campo fijo de descripción fija 003790000a22001450004500
001 - NÚMERO DE CONTROL
Campo de control 10384
041 0# - CÓDIGO DE IDIOMA
Código de idioma para texto/pista de sonido o título separado
082 04 - NÚMERO DE CLASIFICACIÓN DECIMAL DEWEY
Número de clasificación G 980.46 L882m
100 1# - ASIENTO PRINCIPAL--NOMBRE PERSONAL
Nombre personal Lotero Villa, Luz
245 10 - TÍTULO
Título del Material Monografía de los indigenas Noanama, tribu de una región colombiana / Luz Lotero Villa
260 ## - PUBLICACIÓN, DISTRIBUCIÓN, ETC. (PIE DE IMPRENTA)
Lugar de publicación, distribución, etc. Medellín, Colombia
300 ## - DESCRIPCIÓN FÍSICA
Extensión 294 Pag
650 14 - ASIENTO SECUNDARIO DE MATERIA - TERMINO TEMÁTICO
Término temático o nombre geográfico como elemento de entrada INDIGENAS - COLOMBIA
942 ## - TIPO DE MATERIAL (KOHA)
Tipo de Item KOHA Libros General
Existencias
Estado de Material Estado de Perdido Estado de Dañado No para Préstamo Colección Tomo Biblioteca de Origen Biblioteca Permanente Fecha de Adquisición Total de Préstamos Signatura Topográfica Código de Barras Última vez visto Ejemplar/Existencia Fecha de Remplazo Tipo de Material
        Colección General   Biblioteca FUSBC Biblioteca FUSBC 05/07/2007   G 980.46 L882m 16475 12/12/2019 2 26/01/2016 Libros General
        Colección General   Biblioteca FUSBC Biblioteca FUSBC 24/01/2005   G 980.46 L882m 9723 12/12/2019 1 26/01/2016 Libros General

Biblioteca FUSBC | Teléfono: (57+4) 349 88 10 Ext. 141| WhatsApp (+57) 3005338115 
E-mail: biblioteca@unisbc.edu.co | Calle 76 87-14 Robledo Palenque, Medellín, Colombia

Con tecnología Koha